[Event "2. Online Aktivschach WM"]
[Site "Halbfinale 1 / Chessgate"]
[Date "2006.04.09"]
[Round "4"]
[White "Atlanta, Mephisto"]
[Black "R30 V2.2, TASC."]
[Result "1-0"]
[WhiteElo "2232"]
[BlackElo "2405"]
[PlyCount "111"]

1. e4 e5 2. Nf3 Nc6 3. Bc4 Bc5 4. b4 Bxb4 5. c3 Be7 6. d4 Na5 7. Nxe5 Nxc4 8.
Nxc4 d5 9. exd5 Qxd5 10. Ne3 Qd8 11. Qa4+ c6 12. O-O b5 13. Qc2 Nf6 14. a4 O-O
15. axb5 cxb5 16. Rd1 Bb7 17. Qb3 Qd7 18. Ba3 Ng4 19. Nxg4 Qxg4 20. d5 Rfe8 21.
Bxe7 Rxe7 22. Na3 a6 23. c4 Re2 24. cxb5 Qf4 25. Qg3 Qa4 26. d6 Ra2 27. bxa6
Bxa6 28. Qc3 Rxa1 29. Rxa1 Rc8 30. Qf3 Re8 31. h3 Qd7 32. Qf4 Bb7 33. Nc4 Qc6
34. f3 Qc5+ 35. Kh2 Bc8 36. Ra5 Qb4 37. Ra7 Be6 38. d7 Rd8 39. Qc7 Qf8 40. Ne5
f6 41. Ra6 Bd5 42. Rd6 fxe5 43. Rxd5 Qe7 44. Kg3 Kf7 45. Kf2 e4 46. Qc4 Kf6 47.
fxe4 g6 48. e5+ Kg7 49. Qd4 Qg5 50. e6+ Qf6+ 51. Ke3 Qxd4+ 52. Kxd4 Kf6 53. Rd6
Ke7 54. Rc6 g5 55. Rc8 Rxd7+ 56. exd7 1-0

[Event "2. Online Aktivschach WM"]
[Site "Halbfinale 1 / Chessgate"]
[Date "2006.04.13"]
[Round "5"]
[White "R30 V2.2, TASC."]
[Black "Atlanta, Mephisto"]
[Result "0-1"]
[WhiteElo "2405"]
[BlackElo "2232"]
[PlyCount "96"]

1. d4 c5 2. d5 d6 3. e4 g6 4. Nc3 Bg7 5. Nf3 Bxc3+ 6. bxc3 Qa5 7. Bd2 Nf6 8. c4
Qc7 9. Bd3 O-O 10. O-O b6 11. Re1 Nbd7 12. Rb1 Bb7 13. Bh6 Rfe8 14. Qc1 Rad8
15. Qf4 Ne5 16. Nxe5 dxe5 17. Qh4 a6 18. f4 Nd7 19. f5 Nf8 20. Bg5 Rd6 21. Rb3
Qd8 22. Reb1 Nd7 23. Be2 Nf8 24. Rh3 Bc8 25. fxg6 Rxg6 26. Rhb3 Rd6 27. Rg3 Ng6
28. Qh6 Kh8 29. Rf1 Rf8 30. Bd2 Rf6 31. Rxf6 exf6 32. a4 (32. h4 Rg8 33. h5 Nf4
34. Bxf4 exf4 35. Qxf4 Rxg3 36. Qxg3 h6 37. Qb8 Qd7 38. Qxb6 Qe7 39. Qb8 Qd7
40. e5 fxe5 41. Qxe5+ Kg8 42. Qf6 Qe8 43. Kf2 Qf8 44. Bd3 Bg4 45. d6 Be6 46.
Qe5 Qd8 47. Qxc5 $18) 32... Rg8 33. Qh5 Qe8 34. a5 bxa5 35. Ra3 Nf4 36. Bxf4
exf4 37. Qf3 Qe5 38. Bd3 Bg4 39. Qf2 f3 40. g3 f5 41. exf5 Re8 42. Rxa5 (42.
Bf1 $1 Qe1 43. Qxe1 Rxe1 44. Kf2 Rc1 45. Bd3 Rh1 46. Rxa5 Rxh2+ 47. Ke3 f2 48.
f6 Rh1 49. Kxf2 Rb1 50. Ke3 h5 51. Kf4 Rb6 52. Ke5 $18 Rb8 53. Rxc5 Re8+ 54.
Kd4 Rg8 55. Rc7 Bh3 56. c5 Rxg3 57. c6 Rg8 58. Rxf7) 42... Qc3 43. h3 Re2 44.
Ra3 Qxa3 45. Bxe2 fxe2 46. Qe1 Qe3+ 47. Kh2 Bxh3 48. Kxh3 Qf3 0-1

[Event "2. Online Aktivschach WM"]
[Site "Halbfinale 1 / Chessgate"]
[Date "2006.04.13"]
[Round "6"]
[White "Atlanta, Mephisto"]
[Black "R30 V2.2, TASC."]
[Result "1/2-1/2"]
[WhiteElo "2232"]
[BlackElo "2405"]
[PlyCount "149"]

1. d4 d5 2. c4 dxc4 3. Nf3 Nf6 4. e3 e6 5. Bxc4 c5 6. O-O a6 7. Qe2 b5 8. Bb3
Bb7 9. Rd1 Nbd7 10. Nc3 Qb8 11. d5 exd5 12. Nxd5 Nxd5 13. Bxd5 Bxd5 14. Rxd5
Qb7 15. Rd3 Be7 16. b3 Rc8 17. Bb2 c4 18. bxc4 bxc4 19. Rc3 O-O 20. Rac1 Nb6
21. R3c2 Na4 22. Bd4 c3 23. Ne1 Ba3 24. Qg4 f6 25. Rd1 f5 26. Rb1 Qd7 27. Qf3
Rf7 28. Rb3 Bd6 29. Bxc3 Nc5 30. Rb1 Ne4 31. Bb4 Rb8 32. Rcb2 Be5 33. Rb3 a5
34. Bxa5 Rxb3 35. Rxb3 Qa4 36. Bb4 Qxa2 37. Ra3 Qd5 38. Ra5 Qb7 39. Rxe5 Qxb4
40. Re8+ Rf8 41. Rxf8+ Qxf8 42. Qd1 g6 43. g4 Qf6 44. Qd5+ Kg7 45. Nd3 Qa1+ 46.
Kg2 Qd1 47. h3 Nf6 48. Qb7+ Kg8 49. Ne5 Qd5+ 50. Qxd5+ Nxd5 51. gxf5 gxf5 52.
Kf1 Kg7 53. Ke1 Kf6 54. Nc6 Ke6 55. Kd2 Kd6 56. Nd4 Ke5 57. Kd3 f4 58. Nf3+ Kd6
59. Kd4 fxe3 60. fxe3 h6 61. Nh4 Ne7 62. Ke4 Ke6 63. Nf3 h5 64. Nd4+ Kf6 65.
Ne2 Nf5 66. Nf4 Kg5 67. Nd5 Nd6+ 68. Kd4 Kh4 69. Nf4 Kg3 70. Kd5 Nf7 71. Nxh5+
Kxh3 72. Ng7 Kg4 73. e4 Kg5 74. Ne8 Kf4 75. Nf6 1/2-1/2

[Event "2. Online Aktivschach WM"]
[Site "Halbfinale 2 / Chessgate"]
[Date "2006.04.03"]
[Round "1"]
[White "Resurrection Ruffian, Phoenix Chess"]
[Black "Genius 68030, Mephisto"]
[Result "0-1"]
[WhiteElo "2400"]
[BlackElo "2401"]
[PlyCount "140"]

1. d4 Nf6 2. Nf3 e6 3. g3 b6 4. c4 Bb7 5. Bg2 Be7 6. Nc3 Ne4 7. Bd2 Bf6 8. O-O
O-O 9. Rc1 d6 10. d5 Nxd2 11. Qxd2 Nd7 12. Nd4 e5 13. Nc6 Bxc6 14. dxc6 Nc5 15.
e3 Bg5 16. f4 exf4 17. exf4 Bf6 18. Rce1 Re8 19. Rxe8+ Qxe8 20. Re1 Qd8 21. Nd5
Ne6 22. f5 Nf8 23. Nxf6+ Qxf6 24. Qf2 a5 25. a4 h6 26. h3 Nh7 27. b3 Qc3 28.
Re3 Qb4 29. Qf3 Nf6 30. Re7 d5 31. Rxc7 dxc4 32. bxc4 Qxa4 33. Rb7 Qxc4 34.
Rxb6 Re8 35. Qf4 Qc5+ 36. Qf2 Re1+ 37. Bf1 Qc3 38. c7 Qxc7 39. Rxf6 Rxf1+ 40.
Kxf1 gxf6 41. Qa2 Qxg3 42. Qxa5 Qxh3+ 43. Kg1 Qf3 44. Kh2 h5 45. Qc5 Kh7 46.
Qa7 Qxf5 47. Qxf7+ Kh6 48. Qf8+ Kg5 49. Qg8+ Qg6 50. Qd5+ Kh6 51. Qc4 Qg4 52.
Qc3 Qf4+ 53. Kg2 h4 54. Qc8 Qe4+ 55. Kh3 Kh5 56. Qh8+ Kg5 57. Qg7+ Qg6 58. Qb7
Qd3+ 59. Kg2 Qe2+ 60. Kh3 Qg4+ 61. Kh2 Qf4+ 62. Kg2 Qf5 63. Qb6 h3+ 64. Kh2 Qf3
65. Qc5+ Kh4 66. Qb4+ Kh5 67. Qc5+ f5 68. Qc2 Kh4 69. Qc4+ Qe4 70. Qa2 Qg2+ 0-1

[Event "2. Online Aktivschach WM"]
[Site "Halbfinale 2 / Chessgate"]
[Date "2006.04.05"]
[Round "2"]
[White "Genius 68030, Mephisto"]
[Black "Resurrection Ruffian, Phoenix Chess"]
[Result "1-0"]
[WhiteElo "2401"]
[BlackElo "2400"]
[PlyCount "93"]

1. e4 e5 2. Nf3 Nf6 3. Nxe5 d6 4. Nf3 Nxe4 5. d4 d5 6. Bd3 Be7 7. O-O Nc6 8. c4
Nb4 9. Be2 O-O 10. a3 Nc6 11. cxd5 Qxd5 12. Nc3 Nxc3 13. bxc3 Bf5 14. c4 Qd6
15. d5 Bf6 16. Ra2 Ne7 17. Nd4 Bd7 18. Bb2 Rfe8 19. Nc2 Ba4 20. Bxf6 Qxf6 21.
Qd4 Qxd4 22. Nxd4 Ng6 23. Rb1 b6 24. Rd2 Re5 25. Nf3 Re7 26. g3 Rae8 27. Bd3
Bd7 28. Rdb2 Ne5 29. Nxe5 Rxe5 30. a4 f6 31. Kg2 Bg4 32. a5 R8e7 33. Ra1 Re1
34. axb6 cxb6 35. Rxe1 Rxe1 36. Ra2 Rd1 37. Bf1 a5 38. Rb2 Bf5 39. Rxb6 Be4+
40. f3 Rd2+ 41. Kg1 Bxf3 42. Ra6 Ra2 43. d6 Kf8 44. c5 Ke8 45. Bb5+ Kf8 46. d7
Ke7 47. Re6+ 1-0

[Event "2. Online Aktivschach WM"]
[Site "Halbfinale 2 / Chessgate"]
[Date "2006.04.06"]
[Round "3"]
[White "Resurrection Ruffian, Phoenix Chess"]
[Black "Genius 68030, Mephisto"]
[Result "1-0"]
[WhiteElo "2400"]
[BlackElo "2401"]
[PlyCount "193"]

1. e4 e5 2. Nf3 Nc6 3. Bb5 Nf6 4. O-O a6 5. Ba4 Nxe4 6. d4 b5 7. Bb3 d5 8. dxe5
Be6 9. Nbd2 Nc5 10. c3 d4 11. Bxe6 Nxe6 12. cxd4 Ncxd4 13. a4 c5 14. Nxd4 cxd4
15. Qf3 Rc8 16. axb5 axb5 17. Nb3 Be7 18. Qb7 O-O 19. Rd1 Nc5 20. Nxc5 Rxc5 21.
Bf4 Bg5 22. b4 Rc2 23. Bxg5 Qxg5 24. Qd5 Rd2 25. Qxb5 d3 26. g3 Rd8 27. Rxd2
Qxd2 28. Qd5 Rf8 29. b5 Qc2 30. Ra8 g6 31. Ra2 Qc1+ 32. Kg2 Qc7 33. Qxd3 Qxe5
34. Ra7 Rb8 35. Qf3 Qe6 36. Ra8 Rxa8 37. Qxa8+ Kg7 38. Qb7 Kf8 39. b6 Kg7 40.
h4 Qd6 41. Qc7 Qd5+ 42. f3 Qd2+ 43. Kh3 Qe1 44. Qc5 Qf1+ 45. Kg4 Qd1 46. Kf4
Qa4+ 47. Ke3 Qb3+ 48. Ke4 h5 49. Qd4+ Kg8 50. Kf4 Qc2 51. Qb4 Qc1+ 52. Ke4 Qc6+
53. Ke3 Qc1+ 54. Ke2 Qc2+ 55. Qd2 Qc4+ 56. Kf2 Qc5+ 57. Qe3 Qc2+ 58. Ke1 Qb1+
59. Ke2 Qb2+ 60. Kf1 Qb1+ 61. Kg2 Qc2+ 62. Qf2 Qb3 63. Qc5 Qd3 64. g4 hxg4 65.
fxg4 Qe4+ 66. Kg3 Qd3+ 67. Kf4 Qd2+ 68. Ke5 Qd7 69. g5 Qe6+ 70. Kd4 Qh3 71. Kc4
Qxh4+ 72. Kb5 Qe4 73. Qc8+ Kg7 74. b7 Qb1+ 75. Ka6 Qa2+ 76. Kb6 Qb2+ 77. Ka7
Qa3+ 78. Kb8 Qd6+ 79. Qc7 Qf8+ 80. Ka7 Qa3+ 81. Kb6 Qb3+ 82. Kc5 Qc3+ 83. Kd6
Qd2+ 84. Kc6 Qc2+ 85. Kd6 Qd2+ 86. Ke7 Qxg5+ 87. Kd7 Qd5+ 88. Ke8 Qb5+ 89. Kd8
Qd5+ 90. Qd7 Qa5+ 91. Kc8 Qc3+ 92. Qc7 Qh3+ 93. Kb8 Qa3 94. Qe5+ f6 95. Qc7+
Kh6 96. Kc8 Qh3+ 97. Kd8 1-0

[Event "2. Online Aktivschach WM"]
[Site "Halbfinale 2 / Chessgate"]
[Date "2006.04.07"]
[Round "4"]
[White "Genius 68030, Mephisto"]
[Black "Resurrection Ruffian, Phoenix Chess"]
[Result "0-1"]
[WhiteElo "2401"]
[BlackElo "2400"]
[PlyCount "108"]

1. d4 Nf6 2. c4 g6 3. Nc3 d5 4. cxd5 Nxd5 5. e4 Nxc3 6. bxc3 Bg7 7. Bc4 O-O 8.
Ne2 c5 9. O-O Nc6 10. Be3 Bg4 11. f3 Na5 12. Bxf7+ Rxf7 13. fxg4 Rxf1+ 14. Kxf1
Qd6 15. Kg1 Qe6 16. Qd3 c4 17. Qc2 Qxg4 18. Rf1 Rf8 19. Rxf8+ Kxf8 20. Ng3 b6
21. e5 Nc6 22. Qa4 Na5 23. Kf2 h5 24. h3 Qe6 25. Qc2 Kg8 26. Kg1 Qc6 27. Ne2
Qe8 28. Qe4 Kh7 29. Nf4 Bh6 30. e6 Qg8 31. d5 Qe8 $4 32. Bf2 $2 (32. d6 $1 exd6
33. Nd5 Bxe3+ 34. Qxe3 Kg7 35. Qd4+ Kh6 36. Qf4+ g5 37. Qf6+ Qg6 38. Qh8+ Qh7
39. Qf8+ Qg7 40. e7 Nc6 41. e8=Q Qxf8 42. Qxf8+ Kh7 43. Nf6+ Kg6 44. Ne8 h4 45.
Qf6+ Kh7 46. Qg7#) 32... Nb7 $11 33. Qxc4 Nd6 34. Qb4 Qf8 35. Ne2 Qf5 36. c4
Qc2 37. Ng3 Qxa2 38. c5 bxc5 39. Qxc5 a5 40. Bd4 Qb1+ 41. Nf1 Qb4 42. Bf2 Ne4
43. Qa7 Bg5 44. Qd4 Qxd4 45. Bxd4 Bf6 46. Bxf6 Nxf6 47. Ne3 a4 48. d6 exd6 49.
e7 a3 50. Nd5 Ne8 51. Nc3 Kg7 52. Kf2 Kf7 53. Ke3 Nc7 54. Kd3 Nd5 0-1

[Event "2. Online Aktivschach WM"]
[Site "Halbfinale 2 / Chessgate"]
[Date "2006.04.11"]
[Round "5"]
[White "Resurrection Ruffian, Phoenix Chess"]
[Black "Genius 68030, Mephisto"]
[Result "1-0"]
[WhiteElo "2400"]
[BlackElo "2401"]
[PlyCount "67"]

1. d4 Nf6 2. c4 g6 3. Nc3 Bg7 4. e4 d6 5. f3 O-O 6. Be3 Nc6 7. Nge2 a6 8. Qd2
Rb8 9. h4 e5 10. d5 Ne7 11. g4 b5 12. cxb5 axb5 13. a3 b4 14. axb4 Rxb4 15. h5
Ne8 16. Ng3 Rb8 17. Qh2 g5 18. Bxg5 Bd7 19. Nf5 Bf6 20. Bh6 Bg7 21. Nxg7 Nxg7
22. Qh4 f6 23. g5 f5 24. g6 fxe4 25. fxe4 Rb4 26. Qg5 hxg6 27. hxg6 Nc8 28. Qg1
Ne7 29. Bg5 Rf3 30. Qh2 Re3+ 31. Ne2 Nxg6 32. Bxd8 Rexe4 33. Qh6 Kf7 34. Qg5
1-0

[Event "2. Online Aktivschach WM"]
[Site "Halbfinale 2 / Chessgate"]
[Date "2006.04.12"]
[Round "6"]
[White "Genius 68030, Mephisto"]
[Black "Resurrection Ruffian, Phoenix Chess"]
[Result "1/2-1/2"]
[WhiteElo "2401"]
[BlackElo "2400"]
[PlyCount "138"]

1. e4 d6 2. d4 Nf6 3. Nc3 g6 4. Nf3 Bg7 5. Be2 O-O 6. O-O Bg4 7. Be3 Nc6 8. Qd2
e5 9. d5 Ne7 10. Rad1 Bd7 11. h3 b5 12. Qd3 b4 13. Nb1 c6 14. dxc6 Bxc6 15.
Nbd2 Rc8 16. Rc1 Nxe4 17. Nxe4 d5 18. Neg5 e4 19. Qb3 exf3 20. Nxf3 d4 21. Bd2
a5 22. a3 bxa3 23. Qxa3 a4 24. Bg5 Re8 25. Ba6 Ra8 26. Bc4 h6 27. Bh4 Qd7 28.
Rfe1 Nf5 29. Bg3 Nxg3 30. fxg3 Rxe1+ 31. Rxe1 Re8 32. Rxe8+ Qxe8 33. Kh2 Qd7
34. Qb4 Qf5 35. Bd3 Qf6 36. Qb8+ Kh7 37. Qb6 Bd7 38. Qc7 Be8 39. Qc8 Qe7 40.
Qa8 Qe3 41. Qb7 Bf6 42. Qb6 Kg7 43. Qc7 Qe6 44. Qc5 Qc6 45. Qb4 Qd5 46. Qb6 Bc6
47. Qc7 Qe6 48. Qb6 Qd7 49. Qb4 Qd5 50. Qb6 Bd7 51. g4 Qe6 52. Qa7 Bc6 53. Qb6
Be8 54. Qc5 Qc6 55. Qb4 Qc7+ 56. g3 Qd7 57. Nd2 Qd5 58. Qb6 Qe6 59. Qc5 Bc6 60.
Qb6 Be5 61. Ne4 Kh7 62. Qa7 Kh8 63. Qc5 f6 64. Bc4 Qe8 65. Bf7 Qa8 66. Bxg6
Bxe4 67. Bxe4 Qxe4 68. Qf8+ Kh7 69. Qf7+ Kh8 1/2-1/2

[Event "2. Online Aktivschach WM"]
[Site "Finale / Chessgate"]
[Date "2006.04.17"]
[Round "1"]
[White "Atlanta, Mephisto"]
[Black "Resurrection Ruffian, Phoenix Chess"]
[Result "0-1"]
[WhiteElo "2232"]
[BlackElo "2400"]
[PlyCount "114"]

1. d4 Nf6 2. c4 e6 3. Nc3 Bb4 4. Qc2 O-O 5. a3 Bxc3+ 6. Qxc3 b6 7. Bg5 Bb7 8.
Nf3 d6 9. e3 Nbd7 10. Qc2 c5 11. Bd3 h6 12. Bxf6 Qxf6 13. Bh7+ Kh8 14. Be4 Bxe4
15. Qxe4 cxd4 16. exd4 Rac8 17. Qb7 Qd8 18. b3 d5 19. Qxa7 dxc4 20. bxc4 Rxc4
21. O-O Rc7 22. Qa4 Qc8 23. Ne5 Nf6 24. Rfe1 Nd5 25. Qd1 Kg8 26. Kh1 Qa6 27.
Ra2 Nb4 28. Qe2 Qxe2 29. Raxe2 Nc2 30. Rc1 Rfc8 31. h3 Nxa3 32. Rxc7 Rxc7 33.
Re3 Nc2 34. Rb3 f6 35. Nf3 Rc6 36. Kh2 Kf7 37. Kg3 g5 38. h4 Ke7 39. Kg4 Kd6
40. g3 f5+ 41. Kh5 g4 42. Ne5 Nxd4 43. Nxc6 Nxb3 44. Nb4 (44. Kxh6 $1 Kxc6 45.
h5 e5 46. Kg5 Nc5 47. h6 Ne6+ 48. Kf6 Nf8 49. Kg7 Ne6+ 50. Kf6 Nf8 51. Kg7 Ne6+
$11) 44... Ke5 45. Kxh6 Kf6 46. Kh7 Nc5 47. h5 Ne4 48. Nd3 b5 49. Kg8 e5 50. h6
Kg6 51. h7 Nf6+ 52. Kf8 Kxh7 53. Nxe5 b4 54. Kf7 Ne4 55. Nc4 Nxf2 56. Ke6 f4
57. gxf4 g3 0-1

[Event "2. Online Aktivschach WM"]
[Site "Finale / Chessgate"]
[Date "2006.04.17"]
[Round "2"]
[White "Resurrection Ruffian, Phoenix Chess"]
[Black "Atlanta, Mephisto"]
[Result "1-0"]
[WhiteElo "2400"]
[BlackElo "2232"]
[PlyCount "81"]

1. e4 d5 2. exd5 Qxd5 3. Nc3 Qa5 4. d4 e5 5. dxe5 Qxe5+ 6. Qe2 Qxe2+ 7. Bxe2
Bb4 8. Bf4 Bxc3+ 9. bxc3 c6 10. O-O-O Nf6 11. Bg5 Nbd7 12. Bf3 O-O 13. Rd4 Ne5
14. Bxf6 gxf6 15. Be4 Be6 16. a4 f5 17. Nf3 c5 18. Rd2 Nc4 19. Bxb7 Rab8 20.
Ba6 Nxd2 21. Nxd2 Rfd8 22. Re1 Kg7 23. Bb5 Rb6 24. Nb3 a6 25. c4 $6 axb5 26.
cxb5 Bxb3 27. cxb3 Re6 28. Rxe6 fxe6 29. a5 Rb8 (29... Kf6 30. Kc2 Ke5 31. Kc3
Rd1 32. a6 Ra1 33. Kc4 Kd6 34. f3 Rc1+ 35. Kd3 Kc7 36. f4 Kb6 $19) 30. b6 e5
31. Kc2 Kf6 32. Kd3 Ke6 $2 (32... e4+ 33. Kd2 Ke5 34. Ke3 f4+ 35. Ke2 Kd5 36.
f3 exf3+ 37. Kxf3 Kc6 38. Kxf4 Ra8 39. Ke4 Rxa5 $19) 33. Kc4 Kd6 $4 (33... Kd7
34. Kb5 Rg8 35. a6 Kc8 36. g3 e4 37. Kc6 Kb8 38. a7+ Ka8 39. Kxc5 Rc8+ 40. Kd5
Rc2 $19) 34. Kb5 Rg8 35. a6 Rg4 36. a7 Rb4+ 37. Ka6 Rxb3 38. a8=Q Ra3+ 39. Kb7
Rxa8 40. Kxa8 Kd5 41. b7 1-0

[Event "2. Online Aktivschach WM"]
[Site "Finale / Chessgate"]
[Date "2006.04.18"]
[Round "3"]
[White "Atlanta, Mephisto"]
[Black "Resurrection Ruffian, Phoenix Chess"]
[Result "1-0"]
[WhiteElo "2232"]
[BlackElo "2400"]
[PlyCount "133"]

1. d4 Nf6 2. Nf3 g6 3. c4 Bg7 4. g3 c5 5. dxc5 Qa5+ 6. Nbd2 Qxc5 7. Bg2 O-O 8.
O-O Nc6 9. a3 Ng4 10. Rb1 a5 11. Qa4 d6 12. b4 Qh5 13. h3 Nge5 14. g4 Bxg4 15.
hxg4 Nxg4 16. b5 Nd4 17. Re1 Rfc8 18. e3 Nxf3+ 19. Nxf3 Bc3 20. Bd2 Bxd2 21.
Nxd2 Rc5 22. Nf3 Rac8 23. Qxa5 Rxc4 24. Qa7 Rc2 25. Rf1 R2c7 26. b6 Rd7 27.
Rbc1 Rc5 28. Qa4 Nf6 29. Qd4 Kf8 30. Rxc5 dxc5 31. Qe5 Rd6 32. Rb1 c4 33. Qxh5
gxh5 34. Nh4 Nd5 35. Rb5 e6 36. Rc5 Nxb6 37. Bxb7 Rd3 38. Rxh5 c3 39. Rc5 Na4
40. Rc7 Rd2 41. Nf3 Ra2 42. Ne5 f6 43. Nd7+ Ke7 44. Nc5+ Kd6 45. Rc6+ Ke7 46.
Nxa4 c2 47. Kg2 Rxa3 48. Rxc2 Rxa4 49. Rc7+ Kd6 50. Rxh7 f5 51. Kf3 Rc4 52. Ba6
Ra4 53. Bb5 Rb4 54. Rd7+ Ke5 55. Bd3 Ra4 56. Rb7 Kf6 57. Rb6 Rh4 58. Bc2 Ke7
59. Ke2 Rh2 60. Bb3 Rh6 61. Kd3 Kd7 62. Kc4 Ke7 63. Kc5 f4 64. Rb7+ Kf6 65.
Bxe6 fxe3 66. fxe3 Ke5 67. Bd5 1-0

[Event "2. Online Aktivschach WM"]
[Site "Finale / Chessgate"]
[Date "2006.04.18"]
[Round "4"]
[White "Resurrection Ruffian, Phoenix Chess"]
[Black "Atlanta, Mephisto"]
[Result "1/2-1/2"]
[WhiteElo "2400"]
[BlackElo "2232"]
[PlyCount "79"]

1. Nf3 d5 2. d4 e6 3. c4 c5 4. cxd5 exd5 5. g3 cxd4 6. Nxd4 Qb6 7. Nc3 Nf6 8.
Nb3 Bb4 9. Bg2 Ne4 10. O-O Nxc3 11. bxc3 Bxc3 12. Be3 Qf6 13. Rc1 Nc6 14. Qxd5
O-O 15. Bg5 Qe5 16. Qxe5 Bxe5 17. Bxc6 bxc6 18. Na5 Re8 19. Nxc6 h6 20. Be3 Bf6
21. Rfd1 Bg4 22. Rd2 a5 23. Rc4 Be6 24. Ra4 Rec8 25. Rd6 Kh7 26. Bc5 Ra6 27.
Nxa5 Rxd6 28. Bxd6 Rc2 29. Nb3 Rxe2 30. Kg2 Rb2 31. Kf3 Bxb3 32. axb3 Rxb3+ 33.
Ke4 Rb6 34. Bf4 Kg6 35. h3 Re6+ 36. Kf3 Re1 37. Be3 Rh1 38. Rg4+ Kh7 39. h4 Rd1
40. Rb4 1/2-1/2

[Event "2. Online Aktivschach WM"]
[Site "Finale / Chessgate"]
[Date "2006.04.20"]
[Round "5"]
[White "Atlanta, Mephisto"]
[Black "Resurrection Ruffian, Phoenix Chess"]
[Result "0-1"]
[WhiteElo "2232"]
[BlackElo "2400"]
[PlyCount "87"]

1. e4 d6 2. d4 Nf6 3. Nc3 g6 4. Bg5 Bg7 5. Qd2 h6 6. Bxf6 exf6 7. O-O-O O-O 8.
Bd3 Nc6 9. Nge2 Re8 10. Rhe1 Bd7 11. h4 Nb4 12. Bc4 b5 13. Bb3 a5 14. a3 Na6
15. h5 g5 16. Qd3 b4 17. Nb1 bxa3 18. bxa3 c6 19. f3 Nc7 20. Nbc3 Qe7 21. d5 c5
22. f4 Rab8 23. Qg3 Rb7 24. Rd3 Reb8 25. Rf3 g4 26. Re3 Re8 27. Rd3 Nb5 28.
Nxb5 Bxb5 29. c4 Bd7 30. Re3 f5 31. Bc2 Kh8 32. Nc3 Bd4 33. R3e2 Qf6 34. exf5
Rxe2 35. Nxe2 Bb2+ 36. Kd2 Bxf5 37. Ba4 Ba1 38. Rc1 Re7 39. Bc2 Bb2 40. Bxf5
Bxc1+ 41. Nxc1 Qxf5 42. Qc3+ Kg8 43. Nd3 Qe4 44. Kc2 0-1

[Event "2. Online Aktivschach WM"]
[Site "Finale / Chessgate"]
[Date "2006.04.20"]
[Round "6"]
[White "Resurrection Ruffian, Phoenix Chess"]
[Black "Atlanta, Mephisto"]
[Result "1/2-1/2"]
[WhiteElo "2400"]
[BlackElo "2232"]
[PlyCount "128"]

1. d4 c5 2. d5 d6 3. c4 Nf6 4. Nc3 g6 5. e4 Bg7 6. Nf3 O-O 7. Be2 Nbd7 8. O-O
b6 9. Bf4 Bb7 10. Qc2 Rc8 11. a4 Re8 12. Nb5 a6 13. Nc3 Nh5 14. Bg5 Qc7 15. Nd2
Bf6 16. Be3 Ng7 17. a5 bxa5 18. Nb3 Rb8 19. Nxa5 Ba8 20. Nb3 Rb6 21. Ra3 Reb8
22. Na4 R6b7 23. Bd2 Ne8 24. Rfa1 Qd8 25. Bc3 Bxc3 26. Nxc3 Nc7 27. Na4 Rb4 28.
Nc1 Nb6 29. Nxb6 R4xb6 30. Rb3 Ne8 31. Rxb6 Qxb6 32. Nd3 e5 33. dxe6 fxe6 34.
f3 Ng7 35. Qd2 Bb7 36. Qg5 d5 37. Qe5 Rd8 38. Kh1 Re8 39. f4 a5 40. Re1 Rd8 41.
Bg4 Rd6 42. Ra1 Ba6 43. b3 dxc4 44. Nxc5 cxb3 45. Nxb3 a4 46. Nc5 a3 47. h4 Rc6
48. Nxa6 Qxa6 49. Qg5 a2 50. Qd8+ Kf7 51. Kh2 Qc4 52. Rxa2 Qxa2 53. Qd7+ Kf8
54. Qxc6 Qf2 55. Qd6+ Kf7 56. Kh3 Qe3+ 57. Bf3 h6 58. Qd7+ Kg8 59. Qd8+ Kf7 60.
Qd7+ Kg8 61. Qd6 Kf7 62. Qd7+ Kg8 63. Qd6 Kf7 64. Qc7+ Kg8 1/2-1/2

[Event "2. Online Aktivschach WM"]
[Site "Finale / Chessgate"]
[Date "2006.04.29"]
[Round "7"]
[White "Atlanta, Mephisto"]
[Black "Resurrection Ruffian, Phoenix Chess"]
[Result "1-0"]
[WhiteElo "2232"]
[BlackElo "2400"]
[PlyCount "99"]

1. e4 c5 2. Nf3 d6 3. Bb5+ Nc6 4. d4 cxd4 5. Qxd4 Bd7 6. Bxc6 Bxc6 7. Nc3 Nf6
8. Bg5 e6 9. O-O-O Be7 10. Rhe1 O-O 11. Kb1 Qa5 12. Qd2 Qb6 13. Nd4 Rab8 14. g4
Rfc8 15. h3 Rd8 16. Qd3 Qb4 17. f4 h6 18. Bh4 Qc5 19. g5 Nh7 20. Bf2 hxg5 21.
f5 e5 22. Nxc6 Qxc6 23. Bxa7 Rbc8 24. Nd5 Bf6 25. h4 gxh4 26. Bf2 h3 27. Rh1
Ng5 28. Rdg1 Qc4 29. Bh4 Qxd3 30. cxd3 Nf3 31. Nxf6+ (31. Bxf6 Nxg1 32. Rxg1
Kf8 33. Rxg7 Re8 34. Rh7 Rc1+ 35. Kxc1 Rc8+ 36. Kb1 Ke8 37. Nb6 Rc1+ 38. Kxc1
h2 39. Rh8#) 31... Kf8 32. Nd5 Nxg1 33. Bxd8 Nf3 34. Bc7 h2 35. Bxd6+ Ke8 36.
f6 g5 37. b4 g4 38. Bxe5 Nxe5 39. Rxh2 Rc6 40. d4 Nd3 41. Rh1 b5 $4 42. a4 bxa4
43. b5 Re6 44. Nc7+ Kd7 45. Nxe6 Kxe6 46. b6 Nb4 47. b7 Na6 48. Rh8 g3 49. Ra8
Kd6 50. Rxa6+ 1-0

[Event "2. Online Aktivschach WM"]
[Site "Finale / Chessgate"]
[Date "2006.04.30"]
[Round "8"]
[White "Resurrection Ruffian, Phoenix Chess"]
[Black "Atlanta, Mephisto"]
[Result "1-0"]
[WhiteElo "2400"]
[BlackElo "2232"]
[PlyCount "69"]

1. d4 e6 2. e4 d5 3. Nc3 Nf6 4. e5 Nfd7 5. f4 c5 6. Nf3 Nc6 7. Be3 Qb6 8. Na4
Qa5+ 9. c3 c4 10. b4 Qb5 11. Nc5 Be7 12. Be2 O-O 13. O-O Nxc5 14. dxc5 Qa6 15.
a4 Nb8 16. Nd4 b6 17. c6 Bd8 18. Qd2 Kh8 19. Nb3 Nxc6 20. b5 Qb7 21. bxc6 Qxc6
22. Nd4 Qc7 23. Nb5 Qc6 24. Nd6 Ba6 25. f5 Bc7 26. f6 g6 27. Bf4 Rad8 28. Nb5
Bb8 29. Nd4 Qc5 30. Rf3 Rg8 31. Rh3 Bb7 32. Qe1 g5 33. Bxg5 Rg6 34. Qh4 h6 35.
Bxh6 1-0